000 00345nam a2200133Ia 4500
008 230411s9999 xx 000 0 und d
041 _aeng
082 _aMS/616.0754/EPS/B07439
100 _aEpstein Owen
_9179566
245 _aClinical Examination
260 _bMosby Elsevier
_aEdinburgh
_c2008
300 _a438p
999 _c157567
_d157567